| 000 | 01353nam a2200361 a 4500 | ||
|---|---|---|---|
| 003 | BLK | ||
| 005 | 20230623155653.0 | ||
| 008 | 180409b bul|||||r ||||||| ||bul|| | ||
| 010 | _aKNG00118346000 | ||
| 040 | _aBLK | ||
| 041 |
_aENG _cENG |
||
| 080 |
_aАнглийски език _b811.111 _x(035) _z811.111(035) |
||
| 100 | 1 |
_aБосев, Христо Иванов _eпърви автор _9252901 |
|
| 139 |
_aБосев, Христо Иванов _bБ 68 |
||
| 245 | 1 | 0 |
_aС английски език в медицинската практика _bСправочник _cХристо Иванов Босев; консултант Христо Лъвчиев. |
| 246 | 1 | 1 | _aThe Language of Medical Practice in English |
| 257 | _aBGR | ||
| 260 |
_aРусе _bИзд. авт. _c1993 |
||
| 300 |
_a144 с. _c23 см. |
||
| 380 | _a80 | ||
| 500 | _a5 000 тир. - Библиогр. с. 143. | ||
| 650 | 4 |
_aАнглийски език - в медицината - учебници _9264116 |
|
| 653 | _aанглийски език | ||
| 653 | _aмедицина | ||
| 700 | 1 |
_aЛъвчиев, Христо _eконсултант _9312731 |
|
| 852 |
_aЦб 176607 _bЦб |
||
| 856 | 4 | _qpdf | |
| 856 | 4 | _qpdf | |
| 942 |
_cKNG _n0 _01 |
||
| 944 |
_aCR _c21.06.2007 _kКети_Илиева |
||
| 944 |
_aED _c10.03.2014 |
||
| 999 |
_c112962 _d112962 |
||
| 999 | _d112962 | ||